000 00677nam a22002055i 4500
001 171801
003 ES-MaACL
005 20231228210331.0
008 090601s1965 sp |||| | spa d
080 _a821.134.2-31"19"
100 1 _aSolís, Ramón,
_d1923-1978
_9107215
245 1 3 _aEl canto de la gallina
_b: novela /
_cRamón Solís.
260 _aMadrid :
_bFermín Uriarte,
_c[1965]
300 _a270 p. ;
_c20 cm.
490 1 _aColección "Novela Europea Contemporánea"
830 0 _aColección "Novela Europea Contemporánea"
_9223215
852 _aES-MaACL
_jC-30974
_9R.61340
852 _aES-MaACL
_jC-28774
_9R.58140
999 _c171801
_d171801